000 00461 a2200193 4500
001 134742
020 _a978-85-7164-243-0
040 _cLeonardo Da Vinci
041 _aPortuguês
082 _a869.93 N215c
_bN215c
100 _aNASSAR, Raduan
245 _aUm copo de cólera
250 _a5.ed
260 _bCia. das Letras
_c2007
_aSão Paulo
300 _a85
362 _a20070000
697 _aLiteratura
_aErótica
_aRomance
_aBrasil
942 _cBK
999 _c134742
_d134742